Statistics for Para- words

Click here to take the quiz!

General Stats

  • This quiz has been taken 1,303 times
    (1,301 since last reset)
  • The average score is 13 of 21

Answer Stats

DefinitionPara- word% Correct
To rewrite something in other words.Paraphrase
96%
A South American country.Paraguay
94%
A skydiving safety device.Parachute
86%
An organism that lives on or in another organism.Parasite
85%
Medical personnel who work in emergency situations.Paramedics
83%
An event relating to supernatural phenomena.Paranormal
79%
Lines that are equidistant at all points.Parallel
76%
Like an umbrella for the sun.Parasol
76%
Of the greatest importance or significance.Paramount
68%
A large public procession.Parade
64%
Unfounded suspicion of the motives of others.Paranoia
64%
A particular type of parrot.Parakeet
61%
A limit or boundary; a guideline.Parameter
56%
A self-contradictory statement.Paradox
50%
A specific type of curve.Parabola
48%
A secret lover.Paramour
47%
A state of supreme happiness; bliss.Paradise
44%
Paralysis of both lower limbs.Paraplegia
38%
A fuel also known as kerosene.Paraffin
30%
A model of excellence or perfection. Paragon
29%
Equipment necessary for a particular activity.Paraphernalia
22%

Score Distribution

Percentile by Number Answered

Percent of People with Each Score

Your Score History

You have not taken this quiz since the last reset